000 00540nam a2200193Ia 4500
005 20250508154309.0
008 008 250505s9999 xx 000 0 eng d
037 _aTextual
040 _aFEDL
_beng
_cFEDL
041 _aeng
_2eng
084 _a338.9054, GHO
_qFEDL
100 _aGhosh O. K.
_9342049
245 0 _aProblems of economic planning in India
260 _aAllahabad, India
_bKitabistan
_c1964
300 _avii,274p.
650 _aEconomics
942 _cTEXL
_h338.9054, GHO
999 _c1349433
_d1349433